书目信息 |
| 题名: |
生来就是博物学家
|
|
| 作者: | 涅克拉索夫 著 ;韦清豪 译 | |
| 分册: | ||
| 出版信息: | 长沙 湖南文艺出版社 1992.2 |
|
| 页数: | 480页 | |
| 开本: | 19cm | |
| 丛书名: | 世界名人文学传记丛书 | |
| 单 册: | ||
| 中图分类: | K835.616.1 | |
| 科图分类: | 47.2752 | |
| 主题词: | 历史 , 地理 | |
| 电子资源: | ||
| ISBN: | 7-5404-0898-7 | |
| 000 | 00942nam2 2200301 45 | |
| 001 | 0192007313 | |
| 005 | 20040512110233.2 | |
| 010 | @a7-5404-0898-7@dCNY12.00 | |
| 020 | @aCN@b92007313 | |
| 100 | @a19920731d1992 em y0chiy0121 ea | |
| 101 | 1 | @achi@crus |
| 102 | @aCN@b430000 | |
| 105 | @ay z 000ab | |
| 106 | @ar | |
| 200 | 10 | @a生来就是博物学家@Asheng lai jiu shi bo wu xue jia@e达尔文传@Eda er wen zhuan@f(俄)涅克拉索夫著@F(e)nie ke la suo fu zhu@g韦清豪等译 |
| 210 | @a长沙@c湖南文艺出版社@d1992.2 | |
| 215 | @a480页@d19cm | |
| 225 | 2 | @a世界名人文学传记丛书@h第一辑 |
| 410 | 0 | @120010@a世界名人文学传记丛书 |
| 540 | 1 | @a博物学家 达尔文@Abo wu xue jia da er wen |
| 606 | 0 | @a历史 |
| 606 | 0 | @a地理 |
| 690 | @aK835.616.1 | |
| 692 | @a47.2752 | |
| 701 | 1 | @a涅克拉索夫@Anie ke la suo fu@b阿·德.@4著 |
| 702 | 0 | @a韦清豪@Awei qing hao@4译 |
| 801 | 0 | @aCN@bNLC@c19920731 |
| 905 | @f1@b267103@dK835.616.1@e106:NK | |
| 生来就是博物学家:达尔文传/(俄)涅克拉索夫著/韦清豪等译.-长沙:湖南文艺出版社,1992.2 |
| 480页;19cm.-(世界名人文学传记丛书.第一辑) |
| ISBN 7-5404-0898-7:CNY12.00 |
| ● |
| 相关链接 |
|
|
|
|
正题名:生来就是博物学家
索取号:K835.616.1/106:NK
 
预约/预借
| 序号 | 登录号 | 条形码 | 馆藏地/架位号 | 状态 | 备注 |
| 1 | 0267103 | 001540185 | 第二借阅区/ [索取号:K835.616.1/106:NK] | 在馆 | |
| 2 | 0267105 | 202090977 | 第二样本阅览室/ [索取号:K835.616.1/106:NK] | 在馆 |